|
|
|
|
| LEADER |
00000njm a2200000 a 4500 |
| 001 |
vtls008414528 |
| 003 |
SK-MaSNL |
| 005 |
20260301165229.0 |
| 007 |
sd fsngnnmmned |
| 008 |
051207s2005 xo ppnng n slo |
| 015 |
|
|
|a SNBJ2005
|
| 028 |
0 |
1 |
|a SM 0102 2-331
|b P&C Station Master
|
| 040 |
|
|
|a SNK
|b slo
|c SNK
|e AACR2
|
| 041 |
0 |
|
|a slo
|
| 044 |
|
|
|a xo
|c SK
|
| 072 |
|
7 |
|a 784
|x Vokálna hudba
|2 konspekt
|
| 080 |
|
|
|a 784.4
|2 2001
|
| 080 |
|
|
|a (086.76)
|2 2001
|
| 245 |
0 |
0 |
|a Zlaté rundy
|h zvukový záznam
|b obsahuje megamix najväčších hitov od Profilu!
|
| 260 |
|
|
|a [S. l.]
|b P&C Station Master
|c 2004
|
| 300 |
|
|
|a 1 zvuková platňa (70 min. 42 sek.)
|b digital, stereo
|c 12 cm
|
| 306 |
|
|
|a 011042
|
| 500 |
|
|
|a Obsahuje 11 piesní
|
| 511 |
0 |
|
|a Účinkuje hudobná skupina Profil
|
| 518 |
|
|
|a Nahrané v štúdiu Exponent, Hlohovec
|
| 650 |
0 |
7 |
|a populárne piesne
|2 SNKPH
|9 3446
|
| 650 |
0 |
7 |
|a ľudové piesne
|2 SNKPH
|9 1941
|
| 655 |
|
7 |
|a kompaktné platne
|2 SNKPH
|9 70690
|
| 710 |
2 |
|
|a Profil (hudobná skupina)
|4 prf
|9 32385
|
| 999 |
|
|
|c 823492
|d 825422
|
| 952 |
|
|
|a SNK
|b SNK
|y PREZ
|7 0
|p 17A0493062
|o snkSCD 1768
|i snk2005/20804
|8 3
|g 9.63
|0 0
|1 0
|4 0
|d 2005-12-07
|l 0
|r 2026-02-24 03:13:51
|w 2026-02-24
|